000
00223nam a2200097Ia 4500
005
20251222114346.0
008
251222s1900||||xx |||||||||||||| ||spa||
082
_a
DVD0070/M42/2005
245
0
_a
Días de Santiago:
942
_c
DVD
999
_c
1053
_d
1053